[Event "DVM U10 2023"]
[Site "Magdeburg GER"]
[Date "2023.12.29"]
[Round "6"]
[White "Schäfer, Amadeus"]
[Black "Reuscher, Joel David"]
[Result "1-0"]
[Termination "normal"]
[Board "6.2"]
[WhiteElo "1432"]
[BlackElo "1010"]
[WhiteClock "00:00:55"]
[BlackClock "00:09:53"]
[WhiteTeam "Schachzentrum Bemerode"]
[BlackTeam "Schachfüchse Kempen 1986"]
[PlyCount "173"]
[WhiteFideId "34660585"]
[EventCountry "GER"]
[EventRounds "7"]
[EventType "team-swiss"]
[EventDate "2023.12.27"]

1. e4 {[%clk 00:55:02]} {[%emt 00:00:08]} e5 {[%clk 00:52:59]} {[%emt
00:02:11]} 2. Nf3 {[%clk 00:54:40]} {[%emt 00:00:27]} Nc6 {[%clk 00:52:25]}
{[%emt 00:00:39]} 3. Bb5 {[%clk 00:54:15]} {[%emt 00:00:31]} Bc5 {[%clk
00:48:28]} {[%emt 00:04:02]} 4. O-O {[%clk 00:53:48]} {[%emt 00:00:32]} d6
{[%clk 00:48:24]} {[%emt 00:00:09]} 5. c3 {[%clk 00:53:20]} {[%emt 00:00:33]}
a6 {[%clk 00:48:18]} {[%emt 00:00:12]} 6. Ba4 {[%clk 00:52:36]} {[%emt
00:00:48]} b5 {[%clk 00:47:39]} {[%emt 00:00:44]} 7. Bc2 {[%clk 00:52:21]}
{[%emt 00:00:20]} Bg4 {[%clk 00:47:19]} {[%emt 00:00:25]} 8. h3 {[%clk
00:51:10]} {[%emt 00:01:16]} Bh5 {[%clk 00:44:47]} {[%emt 00:02:38]} 9. d3
{[%clk 00:49:31]} {[%emt 00:01:42]} h6 {[%clk 00:42:23]} {[%emt 00:02:30]} 10.
Re1 {[%clk 00:45:53]} {[%emt 00:03:43]} Nf6 {[%clk 00:42:10]} {[%emt 00:00:17]}
11. Be3 {[%clk 00:45:10]} {[%emt 00:00:48]} O-O {[%clk 00:40:22]} {[%emt
00:01:53]} 12. Nbd2 {[%clk 00:38:55]} {[%emt 00:06:20]} Re8 {[%clk 00:38:46]}
{[%emt 00:01:42]} 13. a3 {[%clk 00:37:25]} {[%emt 00:01:35]} a5 {[%clk
00:36:16]} {[%emt 00:02:35]} 14. b4 {[%clk 00:35:33]} {[%emt 00:01:57]} axb4
{[%clk 00:35:45]} {[%emt 00:00:36]} 15. axb4 {[%clk 00:34:10]} {[%emt
00:01:27]} Bxe3 {[%clk 00:35:23]} {[%emt 00:00:27]} 16. Rxe3 {[%clk 00:33:49]}
{[%emt 00:00:26]} Rxa1 {[%clk 00:34:49]} {[%emt 00:00:40]} 17. Qxa1 {[%clk
00:33:44]} {[%emt 00:00:09]} Qa8 {[%clk 00:34:48]} {[%emt 00:00:05]} 18. Re1
{[%clk 00:33:33]} {[%emt 00:00:17]} Nd7 {[%clk 00:32:55]} {[%emt 00:01:48]} 19.
Bb3 {[%clk 00:33:00]} {[%emt 00:00:49]} Nb6 {[%clk 00:32:33]} {[%emt 00:00:26]}
20. Qb2 {[%clk 00:30:57]} {[%emt 00:02:08]} Na4 {[%clk 00:31:22]} {[%emt
00:01:17]} 21. Bxa4 {[%clk 00:29:51]} {[%emt 00:01:10]} bxa4 {[%clk 00:28:59]}
{[%emt 00:02:28]} 22. Ra1 {[%clk 00:29:10]} {[%emt 00:00:46]} Qa7 {[%clk
00:27:46]} {[%emt 00:01:11]} 23. b5 {[%clk 00:28:25]} {[%emt 00:00:58]} Ne7
{[%clk 00:26:24]} {[%emt 00:01:25]} 24. Ra3 {[%clk 00:20:14]} {[%emt 00:08:17]}
Bxf3 {[%clk 00:25:52]} {[%emt 00:00:38]} 25. Nxf3 {[%clk 00:19:57]} {[%emt
00:00:22]} Ra8 {[%clk 00:25:47]} {[%emt 00:00:10]} 26. Qb4 {[%clk 00:19:25]}
{[%emt 00:00:36]} Nc8 {[%clk 00:24:26]} {[%emt 00:01:27]} 27. Nd2 {[%clk
00:16:55]} {[%emt 00:02:35]} Nb6 {[%clk 00:23:49]} {[%emt 00:00:42]} 28. c4
{[%clk 00:15:53]} {[%emt 00:01:08]} Qa5 {[%clk 00:22:24]} {[%emt 00:01:29]} 29.
Qxa5 {[%clk 00:15:09]} {[%emt 00:00:48]} Rxa5 {[%clk 00:22:16]} {[%emt
00:00:15]} 30. Kf1 {[%clk 00:13:34]} {[%emt 00:01:37]} Kf8 {[%clk 00:22:14]}
{[%emt 00:00:08]} 31. Ke1 {[%clk 00:13:15]} {[%emt 00:00:25]} Ke7 {[%clk
00:22:14]} {[%emt 00:00:04]} 32. Kd1 {[%clk 00:13:04]} {[%emt 00:00:16]} Kd7
{[%clk 00:22:09]} {[%emt 00:00:11]} 33. Nb1 {[%clk 00:11:45]} {[%emt 00:01:24]}
c6 {[%clk 00:22:06]} {[%emt 00:00:08]} 34. Nc3 {[%clk 00:11:30]} {[%emt
00:00:19]} cxb5 {[%clk 00:21:49]} {[%emt 00:00:23]} 35. Nxb5 {[%clk 00:11:09]}
{[%emt 00:00:26]} Kc6 {[%clk 00:21:16]} {[%emt 00:00:34]} 36. Kc2 {[%clk
00:10:56]} {[%emt 00:00:22]} Kc5 {[%clk 00:20:42]} {[%emt 00:00:40]} 37. Kc3
{[%clk 00:10:25]} {[%emt 00:00:35]} g6 {[%clk 00:20:16]} {[%emt 00:00:30]} 38.
g4 {[%clk 00:10:08]} {[%emt 00:00:23]} Nd7 {[%clk 00:19:55]} {[%emt 00:00:26]}
39. f3 {[%clk 00:09:32]} {[%emt 00:00:42]} Nf6 {[%clk 00:19:08]} {[%emt
00:00:51]} 40. Ra1 {[%clk 00:07:45]} {[%emt 00:01:52]} Nh7 {[%clk 00:18:52]}
{[%emt 00:00:20]} 41. h4 {[%clk 00:07:38]} {[%emt 00:00:13]} Nf8 {[%clk
00:18:27]} {[%emt 00:00:29]} 42. d4+ {[%clk 00:07:06]} {[%emt 00:00:38]} exd4+
{[%clk 00:18:20]} {[%emt 00:00:12]} 43. Nxd4 {[%clk 00:07:00]} {[%emt
00:00:10]} Ra6 {[%clk 00:15:42]} {[%emt 00:02:29]} 44. Nb5 {[%clk 00:06:18]}
{[%emt 00:01:03]} Ne6 {[%clk 00:15:31]} {[%emt 00:00:15]} 45. Ra3 {[%clk
00:03:46]} {[%emt 00:02:37]} Nf4 {[%clk 00:14:51]} {[%emt 00:00:44]} 46. Ra2
{[%clk 00:03:37]} {[%emt 00:00:16]} Ne6 {[%clk 00:14:37]} {[%emt 00:00:17]} 47.
Na3 {[%clk 00:02:53]} {[%emt 00:00:50]} Nd4 {[%clk 00:14:19]} {[%emt 00:00:23]}
48. f4 {[%clk 00:02:41]} {[%emt 00:00:17]} Nf3 {[%clk 00:14:03]} {[%emt
00:00:20]} 49. g5 {[%clk 00:02:29]} {[%emt 00:00:17]} hxg5 {[%clk 00:13:48]}
{[%emt 00:00:20]} 50. hxg5 {[%clk 00:02:27]} {[%emt 00:00:08]} Nd4 {[%clk
00:13:23]} {[%emt 00:00:29]} 51. Rd2 {[%clk 00:01:48]} {[%emt 00:00:45]} Ne6
{[%clk 00:13:11]} {[%emt 00:00:17]} 52. Rd5+ {[%clk 00:01:25]} {[%emt
00:00:28]} Kc6 {[%clk 00:13:00]} {[%emt 00:00:16]} 53. Nb5 {[%clk 00:01:01]}
{[%emt 00:00:29]} Kd7 {[%clk 00:12:40]} {[%emt 00:00:21]} 54. e5 {[%clk
00:00:50]} {[%emt 00:00:20]} Nxf4 {[%clk 00:12:26]} {[%emt 00:00:17]} 55. Rxd6+
{[%clk 00:00:49]} {[%emt 00:00:07]} Rxd6 {[%clk 00:12:28]} {[%emt 00:00:04]}
56. Nxd6 {[%clk 00:00:46]} {[%emt 00:00:07]} Ke6 {[%clk 00:12:21]} {[%emt
00:00:12]} 57. Kb4 {[%clk 00:00:27]} {[%emt 00:00:25]} Kxe5 {[%clk 00:12:12]}
{[%emt 00:00:14]} 58. Nxf7+ {[%clk 00:00:26]} {[%emt 00:00:06]} Kf5 {[%clk
00:12:09]} {[%emt 00:00:08]} 59. Kxa4 {[%clk 00:00:27]} {[%emt 00:00:04]} Ne6
{[%clk 00:11:55]} {[%emt 00:00:18]} 60. Kb5 {[%clk 00:00:26]} {[%emt 00:00:07]}
Nc5 {[%clk 00:11:22]} {[%emt 00:01:58]} 61. Kc6 {[%clk 00:00:17]} {[%emt
00:00:11]} Nb7 {[%clk 00:11:19]} 62. Kd5 {[%clk 00:00:20]} {[%emt 00:00:09]}
Na5 {[%clk 00:11:00]} 63. c5 {[%clk 00:00:19]} {[%emt 00:00:31]} Ke6+ {[%clk
00:10:32]} {[%emt 00:01:05]} 64. Kd4 {[%clk 00:00:12]} Nb3+ {[%clk 00:10:22]}
{[%emt 00:00:25]} 65. Nh6 {[%clk 00:00:15]} Nxc5 {[%clk 00:10:19]} {[%emt
00:00:10]} 66. Kxc5 {[%clk 00:00:19]} {[%emt 00:00:01]} Ke5 {[%clk 00:10:15]}
{[%emt 00:00:09]} 67. Nf7 {[%clk 00:00:16]} {[%emt 00:00:07]} Kf5 {[%clk
00:10:13]} {[%emt 00:00:08]} 68. Kd5 {[%clk 00:00:14]} {[%emt 00:00:07]} Kg4
{[%clk 00:10:10]} {[%emt 00:00:08]} 69. Ke6 {[%clk 00:00:14]} {[%emt 00:00:05]}
Kh4 {[%clk 00:09:45]} {[%emt 00:00:30]} 70. Kf6 {[%clk 00:00:16]} {[%emt
00:00:03]} Kh5 {[%clk 00:09:43]} {[%emt 00:00:06]} 71. Nh8 {[%clk 00:00:18]}
{[%emt 00:00:03]} Kg4 {[%clk 00:09:36]} {[%emt 00:00:12]} 72. Nxg6 {[%clk
00:00:19]} {[%emt 00:00:04]} Kh5 {[%clk 00:09:21]} {[%emt 00:00:21]} 73. Nf8
{[%clk 00:00:11]} {[%emt 00:00:14]} Kg4 {[%clk 00:09:19]} {[%emt 00:00:06]} 74.
g6 {[%clk 00:00:14]} {[%emt 00:00:02]} Kf4 {[%clk 00:09:19]} {[%emt 00:00:05]}
75. g7 {[%clk 00:00:18]} Ke4 {[%clk 00:09:17]} {[%emt 00:00:07]} 76. g8=Q
{[%clk 00:00:18]} {[%emt 00:00:05]} Kd4 {[%clk 00:09:16]} {[%emt 00:00:06]} 77.
Qe6 {[%clk 00:00:20]} {[%emt 00:00:02]} Kd3 {[%clk 00:09:19]} {[%emt 00:00:03]}
78. Qe5 {[%clk 00:00:23]} {[%emt 00:00:02]} Kd2 {[%clk 00:09:22]} {[%emt
00:00:02]} 79. Qe4 {[%clk 00:00:27]} {[%emt 00:00:01]} Kc3 {[%clk 00:09:25]}
{[%emt 00:00:02]} 80. Qd5 {[%clk 00:00:31]} {[%emt 00:00:01]} Kb3 {[%clk
00:09:32]} {[%emt 00:00:04]} 81. Qc5 {[%clk 00:00:39]} Kb2 {[%clk 00:09:35]}
{[%emt 00:00:02]} 82. Qc4 {[%clk 00:00:43]} Ka1 {[%clk 00:09:39]} {[%emt
00:00:01]} 83. Qb4 {[%clk 00:00:46]} {[%emt 00:00:02]} Ka2 {[%clk 00:09:42]}
{[%emt 00:00:02]} 84. Ke5 {[%clk 00:00:49]} Ka1 {[%clk 00:09:45]} {[%emt
00:00:03]} 85. Kd4 {[%clk 00:00:53]} Ka2 {[%emt 00:00:02]} 86. Kc3 {[%clk
00:00:55]} {[%emt 00:00:02]} Ka1 {[%clk 00:09:53]} {[%emt 00:00:01]} 87. Qb2#
{[%emt 00:00:15]} 1-0

[Event "DVM U10 2023"]
[Site "Magdeburg GER"]
[Date "2023.12.29"]
[Round "6"]
[White "Optendrenk, Frederik"]
[Black "Danisch, Bennett Laif"]
[Result "1-0"]
[Termination "normal"]
[Board "6.3"]
[WhiteElo "861"]
[BlackElo "947"]
[WhiteClock "00:24:02"]
[BlackClock "00:30:48"]
[WhiteTeam "Schachfüchse Kempen 1986"]
[BlackTeam "Schachzentrum Bemerode"]
[PlyCount "109"]
[BlackFideId "34686118"]
[EventCountry "GER"]
[EventRounds "7"]
[EventType "team-swiss"]
[EventDate "2023.12.27"]

1. e4 {[%clk 00:54:41]} {[%emt 00:00:29]} e5 {[%clk 00:55:06]} {[%emt
00:00:05]} 2. Nf3 {[%clk 00:54:40]} {[%emt 00:00:07]} Nf6 {[%clk 00:55:06]}
{[%emt 00:00:04]} 3. d4 {[%clk 00:54:38]} {[%emt 00:00:07]} Nxe4 {[%clk
00:54:49]} {[%emt 00:00:22]} 4. Bd3 {[%clk 00:54:36]} {[%emt 00:00:07]} d5
{[%clk 00:54:44]} {[%emt 00:00:09]} 5. Nxe5 {[%clk 00:54:35]} {[%emt 00:00:06]}
Bd6 {[%clk 00:54:38]} {[%emt 00:00:11]} 6. Nf3 {[%clk 00:54:10]} {[%emt
00:00:31]} O-O {[%clk 00:54:29]} {[%emt 00:00:14]} 7. O-O {[%clk 00:54:11]}
{[%emt 00:00:03]} Bg4 {[%clk 00:54:28]} {[%emt 00:00:06]} 8. h3 {[%clk
00:54:03]} {[%emt 00:00:13]} Bh5 {[%clk 00:54:27]} {[%emt 00:00:07]} 9. Re1
{[%clk 00:54:01]} {[%emt 00:00:07]} Re8 {[%clk 00:54:10]} {[%emt 00:00:21]} 10.
Nbd2 {[%clk 00:52:06]} {[%emt 00:01:59]} Nxd2 {[%clk 00:53:55]} {[%emt
00:00:21]} 11. Bxd2 {[%clk 00:52:01]} {[%emt 00:00:11]} Rxe1+ {[%clk 00:53:50]}
{[%emt 00:00:10]} 12. Bxe1 {[%clk 00:51:59]} {[%emt 00:00:07]} Nc6 {[%clk
00:53:46]} {[%emt 00:00:09]} 13. c3 {[%clk 00:51:58]} {[%emt 00:00:06]} Qe8
{[%clk 00:53:08]} {[%emt 00:00:42]} 14. Be2 {[%clk 00:50:59]} {[%emt 00:01:05]}
a6 {[%clk 00:52:10]} {[%emt 00:01:02]} 15. Kf1 {[%clk 00:48:24]} {[%emt
00:02:40]} Qe7 {[%clk 00:51:18]} {[%emt 00:00:57]} 16. Nd2 {[%clk 00:48:09]}
{[%emt 00:00:21]} Bxe2+ {[%clk 00:50:38]} {[%emt 00:00:44]} 17. Qxe2 {[%clk
00:48:07]} {[%emt 00:00:08]} Qxe2+ {[%clk 00:50:28]} {[%emt 00:00:13]} 18. Kxe2
{[%clk 00:48:06]} {[%emt 00:00:07]} Re8+ {[%clk 00:50:17]} {[%emt 00:00:16]}
19. Kf1 {[%clk 00:48:05]} {[%emt 00:00:07]} b5 {[%clk 00:49:48]} {[%emt
00:00:33]} 20. a3 {[%clk 00:47:56]} {[%emt 00:00:15]} a5 {[%clk 00:49:35]}
{[%emt 00:00:18]} 21. b4 {[%clk 00:46:09]} {[%emt 00:01:52]} axb4 {[%clk
00:47:33]} {[%emt 00:02:07]} 22. axb4 {[%clk 00:46:02]} {[%emt 00:00:12]} Ne7
{[%clk 00:46:53]} {[%emt 00:00:44]} 23. Nf3 {[%clk 00:45:45]} {[%emt 00:00:22]}
Nf5 {[%clk 00:46:24]} {[%emt 00:00:34]} 24. Ra5 {[%clk 00:43:49]} {[%emt
00:02:02]} Rb8 {[%clk 00:46:14]} {[%emt 00:00:14]} 25. g3 {[%clk 00:40:41]}
{[%emt 00:03:13]} h6 {[%clk 00:45:22]} {[%emt 00:00:57]} 26. Kg2 {[%clk
00:40:21]} {[%emt 00:00:25]} Kh7 {[%clk 00:45:20]} {[%emt 00:00:07]} 27. Bd2
{[%clk 00:39:35]} {[%emt 00:00:51]} f6 {[%clk 00:44:24]} {[%emt 00:01:01]} 28.
Nh2 {[%clk 00:39:00]} {[%emt 00:00:40]} Kg6 {[%clk 00:43:58]} {[%emt 00:00:31]}
29. Nf1 {[%clk 00:38:46]} {[%emt 00:00:19]} Kh5 {[%clk 00:42:38]} {[%emt
00:01:25]} 30. g4+ {[%clk 00:37:56]} {[%emt 00:00:56]} Kg6 {[%clk 00:42:34]}
{[%emt 00:00:08]} 31. gxf5+ {[%clk 00:37:54]} {[%emt 00:00:08]} Kxf5 {[%clk
00:42:29]} {[%emt 00:00:09]} 32. Ne3+ {[%clk 00:37:46]} {[%emt 00:00:14]} Ke4
{[%clk 00:42:17]} {[%emt 00:00:16]} 33. Be1 {[%clk 00:36:58]} {[%emt 00:00:54]}
f5 {[%clk 00:41:07]} {[%emt 00:01:14]} 34. Nf1 {[%clk 00:35:01]} {[%emt
00:02:02]} f4 {[%clk 00:40:13]} {[%emt 00:01:00]} 35. Nd2+ {[%clk 00:33:08]}
{[%emt 00:01:59]} Kd3 {[%clk 00:40:01]} {[%emt 00:00:15]} 36. Nf3 {[%clk
00:33:04]} {[%emt 00:00:10]} h5 {[%clk 00:39:29]} {[%emt 00:00:37]} 37. h4
{[%clk 00:31:57]} {[%emt 00:01:12]} Ke4 {[%clk 00:38:42]} {[%emt 00:00:51]} 38.
Ng5+ {[%clk 00:30:44]} {[%emt 00:01:19]} Kd3 {[%clk 00:38:19]} {[%emt
00:00:28]} 39. Kf1 {[%clk 00:30:05]} {[%emt 00:00:44]} g6 {[%clk 00:34:38]}
{[%emt 00:03:46]} 40. f3 {[%clk 00:29:00]} {[%emt 00:01:11]} Re8 {[%clk
00:33:41]} {[%emt 00:01:01]} 41. Rxb5 {[%clk 00:26:12]} {[%emt 00:02:52]} Kc2
{[%clk 00:33:37]} {[%emt 00:00:09]} 42. Rxd5 {[%clk 00:25:40]} {[%emt
00:00:37]} Kd1 {[%clk 00:33:36]} {[%emt 00:00:07]} 43. Bf2 {[%clk 00:25:34]}
{[%emt 00:00:10]} Kd2 {[%clk 00:33:05]} {[%emt 00:00:37]} 44. Ne4+ {[%clk
00:25:19]} {[%emt 00:00:20]} Rxe4 {[%clk 00:31:50]} {[%emt 00:01:20]} 45. fxe4
{[%clk 00:25:01]} {[%emt 00:00:22]} Kxc3 {[%clk 00:31:39]} {[%emt 00:00:16]}
46. Rxd6 {[%clk 00:24:38]} {[%emt 00:00:29]} cxd6 {[%clk 00:31:34]} {[%emt
00:00:10]} 47. e5 {[%clk 00:24:36]} {[%emt 00:00:07]} g5 {[%clk 00:31:16]}
{[%emt 00:00:22]} 48. exd6 {[%clk 00:24:22]} {[%emt 00:00:20]} g4 {[%clk
00:31:11]} {[%emt 00:00:09]} 49. d7 {[%clk 00:24:19]} {[%emt 00:00:09]} g3
{[%clk 00:31:09]} {[%emt 00:00:07]} 50. Bxg3 {[%emt 00:00:09]} fxg3 {[%clk
00:30:54]} {[%emt 00:00:06]} 51. Kg2 {[%clk 00:24:20]} {[%emt 00:00:14]} Kxd4
{[%clk 00:30:54]} {[%emt 00:00:05]} 52. d8=Q+ {[%clk 00:24:12]} {[%emt
00:00:12]} Kc4 {[%clk 00:30:52]} {[%emt 00:00:08]} 53. Kxg3 {[%clk 00:24:07]}
{[%emt 00:00:10]} Kxb4 {[%clk 00:30:50]} {[%emt 00:00:06]} 54. Qg5 {[%clk
00:24:04]} {[%emt 00:00:09]} Kc4 {[%clk 00:30:48]} {[%emt 00:00:06]} 55. Qxh5
{[%clk 00:24:02]} {[%emt 00:00:07]} 1-0

[Event "DVM U10 2023"]
[Site "Magdeburg GER"]
[Date "2023.12.29"]
[Round "6"]
[White "Berger, Friedrich Richard"]
[Black "Botvinnik, Julius"]
[Result "1/2-1/2"]
[Termination "normal"]
[Board "7.1"]
[WhiteElo "1496"]
[BlackElo "1516"]
[WhiteClock "00:29:56"]
[BlackClock "00:27:02"]
[WhiteTeam "TSG Oberschöneweide"]
[BlackTeam "Düsseldorfer SK 14/25"]
[PlyCount "44"]
[WhiteFideId "34663169"]
[BlackFideId "34612149"]
[EventCountry "GER"]
[EventRounds "7"]
[EventType "team-swiss"]
[EventDate "2023.12.27"]

1. e4 {[%clk 00:55:09]} e5 {[%clk 00:55:03]} {[%emt 00:00:07]} 2. Nf3 {[%clk
00:55:11]} {[%emt 00:00:04]} Nc6 {[%clk 00:54:58]} {[%emt 00:00:10]} 3. Bc4
{[%clk 00:55:10]} {[%emt 00:00:05]} Bc5 {[%clk 00:54:56]} {[%emt 00:00:07]} 4.
c3 {[%clk 00:55:07]} {[%emt 00:00:08]} Nf6 {[%clk 00:54:55]} {[%emt 00:00:07]}
5. d3 {[%clk 00:55:02]} {[%emt 00:00:10]} d6 {[%clk 00:54:12]} {[%emt
00:00:48]} 6. Nbd2 {[%clk 00:54:51]} Be6 {[%clk 00:53:48]} {[%emt 00:00:43]} 7.
Bb3 {[%clk 00:54:35]} a6 {[%clk 00:52:50]} {[%emt 00:01:26]} 8. Bc2 {[%clk
00:54:14]} Ba7 {[%clk 00:49:54]} {[%emt 00:03:26]} 9. h3 {[%clk 00:53:57]}
{[%emt 00:00:21]} h6 {[%clk 00:48:25]} {[%emt 00:01:35]} 10. Nf1 {[%clk
00:52:41]} {[%emt 00:01:21]} Ne7 {[%clk 00:47:31]} {[%emt 00:01:00]} 11. Ng3
{[%clk 00:51:32]} {[%emt 00:01:14]} Ng6 {[%clk 00:47:06]} {[%emt 00:00:29]} 12.
Be3 {[%clk 00:47:25]} {[%emt 00:04:13]} d5 {[%clk 00:44:01]} {[%emt 00:03:08]}
13. exd5 {[%clk 00:42:37]} {[%emt 00:04:54]} Nxd5 {[%clk 00:43:43]} {[%emt
00:00:22]} 14. Bxa7 {[%clk 00:41:56]} {[%emt 00:00:48]} Rxa7 {[%clk 00:43:31]}
{[%emt 00:00:17]} 15. Ne2 {[%clk 00:38:33]} {[%emt 00:03:27]} Ngf4 {[%clk
00:42:43]} {[%emt 00:00:53]} 16. Nxf4 {[%clk 00:38:14]} {[%emt 00:00:24]} Nxf4
{[%clk 00:42:38]} {[%emt 00:00:09]} 17. Rg1 {[%clk 00:37:06]} {[%emt 00:01:15]}
Qd6 {[%clk 00:36:08]} {[%emt 00:06:35]} 18. Qd2 {[%clk 00:34:49]} {[%emt
00:02:21]} Qd5 {[%clk 00:34:04]} {[%emt 00:02:09]} 19. Qe3 {[%clk 00:32:57]}
{[%emt 00:01:57]} Ra8 {[%clk 00:33:09]} {[%emt 00:01:00]} 20. Qxe5 {[%clk
00:32:32]} {[%emt 00:00:30]} Qxd3 {[%clk 00:27:24]} {[%emt 00:05:50]} 21. Qxe6+
{[%clk 00:29:58]} {[%emt 00:02:40]} fxe6 {[%clk 00:27:08]} {[%emt 00:00:22]}
22. Bxd3 {[%clk 00:29:56]} {[%emt 00:00:07]} Nxd3+ {[%clk 00:27:02]} {[%emt
00:00:10]} 1/2-1/2